Detalles MARC
| 000 -LEADER |
| campo de control de longitud fija |
03522cam a22005174i 4500 |
| 003 - IDENTIFICADOR DE NÚMERO DE CONTROL |
| campo de control |
PE-LiUPU |
| 005 - FECHA Y HORA DE LA ÚLTIMA TRANSACCIÓN |
| campo de control |
20250731172908.0 |
| 008 - DATOS DE LONGITUD FIJA--INFORMACIÓN GENERAL |
| campo de control de longitud fija |
130918s2013 xx a r 000 0 spa d |
| 020 ## - NÚMERO INTERNACIONAL ESTÁNDAR DEL LIBRO |
| Número Internacional Estándar del Libro |
1588026744 |
| 020 ## - NÚMERO INTERNACIONAL ESTÁNDAR DEL LIBRO |
| Número Internacional Estándar del Libro |
9781588026743 |
| 035 ## - NÚMERO DE CONTROL DEL SISTEMA |
| Número de control de sistema |
(Sirsi) i9781588026743 |
| 040 ## - FUENTE DE CATALOGACIÓN |
| Centro catalogador/agencia de origen |
PE-LiUPU |
| Lengua de catalogación |
spa |
| Centro/agencia transcriptor |
PE-LiUPU |
| Normas de descripción |
rda |
| 049 ## - FONDOS LOCALES (OCLC) |
| Biblioteca depositaria |
PRUA |
| 050 ## - SIGNATURA TOPOGRÁFICA DE LA BIBLIOTECA DEL CONGRESO |
| Número de clasificación |
BS651 |
| -- |
.H36 2006 |
| 082 04 - NÚMERO DE LA CLASIFICACIÓN DECIMAL DEWEY |
| Número de clasificación |
213 |
| Cutter |
H21 |
| Número de edición |
20 |
| 245 03 - MENCIÓN DEL TÍTULO |
| Título |
El libro de las respuestas : |
| Resto del título |
sobre la creación y evolución / |
| Mención de responsabilidad, etc. |
Ken Ham, editor. |
| 264 #1 - PRODUCCIÓN, PUBLICACIÓN, DISTRIBUCIÓN, FABRICACIÓN Y COPYRIGHT |
| Producción, publicación, distribución, fabricación y copyright |
United States : |
| Nombre del de productor, editor, distribuidor, fabricante |
New Leaf Pr, |
| Fecha de producción, publicación, distribución, fabricación o copyright |
2013. |
| 300 ## - DESCRIPCIÓN FÍSICA |
| Extensión |
312 páginas : |
| Otras características físicas |
ilustraciones ; |
| Dimensiones |
24 centímetros |
| 336 ## - TIPO DE CONTENIDO |
| Término de tipo de contenido |
text |
| Fuente |
rdacontent |
| 337 ## - TIPO DE MEDIO |
| Nombre/término del tipo de medio |
unmediated |
| Fuente |
rdamedia |
| 338 ## - TIPO DE SOPORTE |
| Nombre/término del tipo de soporte |
volume |
| Fuente |
rdacarrier |
| 505 ## - NOTA DE CONTENIDO CON FORMATO |
| Nota de contenido con formato |
¿Existe realmente un Dios? -- ¿Por qué no deben los cristianos aceptar los millones de años? -- ¿No pudo Dios haber usado la evolución? -- ¿Los creacionistas niegan las leyes naturales? -- ¿Qué hay teorías de la brecha y la ruina y reconstrucción? -- La esposa de Caín ¿quién era? -- El método de fijar fechas con carbono 14 ¿quita credibilidad a la Biblia? -- puede de veras Dios haberlo creado todo en seis días? -- La datación radiométrica ¿demuestra que la tierra tiene millones de años? -- ¿Existió de veras el arca de Noé? ¿hubo un diluvio? -- ¿Cómo llegaron a dispersarse los animales por el mundo desde el lugar en que reposó el arca? -- ¿Qué les sucedió en realidad a los dinosaurios? -- ¿Por qué no se encuentran fósiles humanos y de dinosaurios juntos? -- ¿pueden las catástrofes de las placas tectónicas explicar la geología del Diluvio? -- Los creacionistas ¿no creen en cosas locas? -- ¿Dónde encaja la Hera de Hielo? -- ¿En verdad hay diferentes razas? -- ¿Existen los extraterrestres y los ovnis? -- Los años luz ¿son prueba de la antigüedad del universo? -- ¿Dijo literalmente, Jesús que lo creo todo en 6 días? -- ¿Cuál es el origen de las estructuras de defensa y ataque? -- ¿la selección natural ¿es lo mismo que la evolución? -- ¿No se ha demostrado que la evolución es verdad? -- Los dinosaurios ¿se convierten en pájaros? -- La arqueología ¿respalda la Biblia? -- ¿por qué la creación de Dios incluye la muerte y el sufrimiento? -- ¿Cómo puede usar esta información para dar testimonio? -- ¿Cómo podemos usar a los dinosaurios para difundir el mensaje de la creación y el evangelio? |
| 526 ## - NOTA DE INFORMACIÓN SOBRE EL PROGRAMA DE ESTUDIO |
| Nombre del programa |
Segunda Especialidad En Profecías Bíblicas |
| 526 ## - NOTA DE INFORMACIÓN SOBRE EL PROGRAMA DE ESTUDIO |
| Nombre del programa |
Segunda Especialidad En Nuevo Testamento |
| 526 ## - NOTA DE INFORMACIÓN SOBRE EL PROGRAMA DE ESTUDIO |
| Nombre del programa |
Segunda Especialidad En Antiguo Testamento |
| 526 ## - NOTA DE INFORMACIÓN SOBRE EL PROGRAMA DE ESTUDIO |
| Nombre del programa |
Segunda Especialidad En Estudios Adventistas |
| 526 ## - NOTA DE INFORMACIÓN SOBRE EL PROGRAMA DE ESTUDIO |
| Nombre del programa |
Doctorado en teología |
| 526 ## - NOTA DE INFORMACIÓN SOBRE EL PROGRAMA DE ESTUDIO |
| Nombre del programa |
Maestría en teología histórica |
| 526 ## - NOTA DE INFORMACIÓN SOBRE EL PROGRAMA DE ESTUDIO |
| Nombre del programa |
Maestría en teología bíblica |
| 526 ## - NOTA DE INFORMACIÓN SOBRE EL PROGRAMA DE ESTUDIO |
| Nombre del programa |
Maestría en teología |
| 526 ## - NOTA DE INFORMACIÓN SOBRE EL PROGRAMA DE ESTUDIO |
| Nombre del programa |
Maestría en misionología |
| 526 ## - NOTA DE INFORMACIÓN SOBRE EL PROGRAMA DE ESTUDIO |
| Nombre del programa |
Maestría en liderazgo eclesiástico |
| 526 ## - NOTA DE INFORMACIÓN SOBRE EL PROGRAMA DE ESTUDIO |
| Nombre del programa |
Teología |
| 596 ## - |
| -- |
1 4 |
| 650 04 - PUNTO DE ACCESO ADICIONAL DE MATERIA--TÉRMINO DE MATERIA |
| Término de materia o nombre geográfico como elemento de entrada |
Evolución |
| Subdivisión general |
Aspectos religiosos |
| -- |
Cristianismo. |
| 700 1# - ENTRADA AGREGADA--NOMBRE PERSONAL |
| Nombre de persona |
Ham, Ken, |
| Término indicativo de función/relación |
editor. |
| 910 ## - DATOS DE OPCIÓN DEL USUARIO (OCLC) |
| Datos de opción del usuario |
lclll |
| -- |
jck |
| -- |
lcll |
| -- |
20170220 |
| 910 ## - DATOS DE OPCIÓN DEL USUARIO (OCLC) |
| Datos de opción del usuario |
dbm |
| -- |
jpc |
| -- |
jpc |
| -- |
20181204 |
| 942 ## - ELEMENTOS DE ENTRADA SECUNDARIOS (KOHA) |
| Fuente del sistema de clasificación o colocación |
Clasificación Decimal Dewey |
| Tipo de ítem Koha |
|
| 949 ## - PROCESAMIENTO DE INFORMACIÓN LOCAL (OCLC) |
| a |
231.765 L5 |
| w |
LC |
| c |
1 |
| i |
CW00188 |
| m |
BUL |
| p |
17.00 |
| r |
1 |
| s |
Y |
| t |
BOOK |
| u |
2017-02-20 |
| x |
WHITE |
| z |
UNKNOWN |
| 0 |
COMPRA |
| o |
.STAFF. Centro White |
| 994 ## - |
| -- |
C0 |
| -- |
PEPRUE |
| 999 ## - NÚMEROS DE CONTROL DE SISTEMA (KOHA) |
| -- |
LC |
| -- |
CW00188 |
| -- |
2021-12-22 |
| -- |
2 |
| -- |
CCODECWL1 |
| -- |
BWL |
| -- |
17.00 |
| -- |
1 |
| -- |
Y |
| -- |
BOOK |
| -- |
2017-2-20 |
| -- |
WHITE |
| -- |
UNKNOWN |
| -- |
COMPRA |
| -- |
.STAFF. Centro White |
| 999 ## - NÚMEROS DE CONTROL DE SISTEMA (KOHA) |
| -- |
DEWEY |
| -- |
79075 |
| -- |
2019-9-17 |
| -- |
2021-11-9 |
| -- |
4 |
| -- |
CCODEBUL1 |
| -- |
BUL |
| -- |
10 |
| -- |
12.32 |
| -- |
4 |
| -- |
0 |
| -- |
Y |
| -- |
BOOK |
| -- |
2018-12-4 |
| -- |
TEOLOGIA |
| -- |
P85 |
| -- |
COMPRA |
| -- |
FCOMPR2 |
| -- |
.STAFF. Colección Teología |
| 980 ## - EQUIVALENCIA O REFERENCIA-CRUZADA-MENCIÓN DE SERIE--NOMBRE DE PERSONA/TÍTULO [LOCAL, CANADÁ] |
| ID del último usuario que modificó el registro |
1 |
| Nombre del último usuario que modificó el registro |
ALBERTO SANCHEZ Responsable de Automatización |